01008nam a2200217 a 4500008004100000020001500041050001400056100002900070245005100099260003000150300002200180350000900202490003000211500005100241650002400292650001300316995014800329995014800477995014800625999001700773120416s1978 ||||||||||||||||| || u a0876261055 aJA 76 Szy aSzymanski, Albert, 1941-14aThe capitalist state and the politics of class aCambridgebWinthropc1978 axvi, 333p. : ill. a0.00 aWinthrop sociology series aIncludes bibliographical references and index. aPOLITICAL SOCIOLOGY aPOLITICS aANNEX COLLECTION (Main Library)D0.00e709520FCBU-MAIN LIBRARY (Kitwe)H3I18.95jJA 76 SzyM1UAVAILABLEy009354ZAnnex Low-Usage Collection  aANNEX COLLECTION (Main Library)D0.00e709519FCBU-MAIN LIBRARY (Kitwe)H2I18.95jJA 76 SzyM3UAVAILABLEy009356ZAnnex Low-Usage Collection  aANNEX COLLECTION (Main Library)D0.00e709521FCBU-MAIN LIBRARY (Kitwe)H1I18.95jJA 76 SzyM2UAVAILABLEy009355ZAnnex Low-Usage Collection  c79148d79148